Мой Лист (Запись № 11175702)

Подробности
000 -МАРКЕР
контрольное поле 01349ncm0a2200337 4500
001 - ИДЕНТИФИКАТОР ЗАПИСИ
контрольное поле RU\NLR\ONIZ\215762
005 - ИДЕНТИФИКАТОР ВЕРСИИ
контрольное поле 20260406080648.0
010 ## - МЕЖДУНАРОДНЫЙ СТАНДАРТНЫЙ НОМЕР КНИГИ (ISBN)
Ошибочный ISBN 5-9565-0036-2
035 ## - ДРУГИЕ СИСТЕМНЫЕ НОМЕРА
Идентификатор записи (NLR Aleph) 011338115
071 20 - ИЗДАТЕЛЬСКИЙ НОМЕР
Номер, присвоенный агентством NM 682
100 ## - ДАННЫЕ ОБЩЕЙ ОБРАБОТКИ
Данные общей обработки 20161123d2004 |||y0rusy50 ca
101 0# - ЯЗЫК РЕСУРСА
Язык текста, звукозаписи и т.д. русский
102 ## - СТРАНА ПУБЛИКАЦИИ ИЛИ ПРОИЗВОДСТВА
Страна публикации российская федерация
125 ## - ПОЛЕ КОДИРОВАННЫХ ДАННЫХ: ЗВУКОЗАПИСИ И НОТНЫЕ ИЗДАНИЯ
Форма изложения нотного текста ax
200 1# - ЗАГЛАВИЕ И СВЕДЕНИЯ ОБ ОТВЕТСТВЕННОСТИ
Основное заглавие Мой Лист
Общее обозначение материала Ноты
Параллельное заглавие My Liszt
Сведения, относящиеся к заглавию нетрудные пьесы
-- [для фп.]
Первые сведения об ответственности Ф. Лист
Язык параллельного заглавия английский
210 ## - ПУБЛИКАЦИЯ, РАСПРОСТРАНЕНИЕ И ДР.
Место издания, распространения и т.д. Санкт-Петербург
Имя издателя, распространителя и т. д. Нота
Дата издания, распространения и т.д. 2004
215 ## - ФИЗИЧЕСКАЯ ХАРАКТЕРИСТИКА
Специфическое обозначение материала и объем 44 с.
Другие сведения о физической характеристике портр.
Размеры 29 см
225 1# - СЕРИЯ
Основное заглавие серии Школьная классика. Фортепиано
327 1# - ПРИМЕЧАНИЯ О СОДЕРЖАНИИ
Текст примечания 1. Печальная степь; 2. Ноктюрн № 3: "Грёзы любви"; 3. Первый забытый вальс; 4. Утешения; 5. Сонет Петрарки 123; 6. Ave Maria: "Колокола Рима"
686 ## - ИНДЕКСЫ ДРУГИХ КЛАССИФИКАЦИЙ
Индекс Щ954.2я44(4Вн)
Издание LBC/SL
Код системы
700 #1 - ИМЯ ЛИЦА - ПЕРВИЧНАЯ ОТВЕТСТВЕННОСТЬ
Код отношения Композитор
Материалы, к которым относится поле rus
Графика поля Кириллица
Начальный элемент ввода Лист
Часть имени, кроме начального элемента ввода Ф.
Даты 1811-1886
Расширение инициалов личного имени Ференц
Идентификатор авторитетной/нормативной записи RU\NLR\AUTH\7743076
Системный номер авторитетной/нормативной записи 26019
790 #1 - ИМЯ ЛИЦА - АЛЬТЕРНАТИВНАЯ ФОРМА
Код отношения Композитор
Графика поля Латинская
Материалы, к которым относится поле hun
Начальный элемент ввода Liszt
Часть имени, кроме начального элемента ввода F.
Даты 1811-1886
Расширение инициалов личного имени Ferenc
Системный номер авторитетной/нормативной записи 210699
Идентификатор авторитетной/нормативной записи RU\NLR\AUTH\770210755
801 #0 - ИСТОЧНИК ЗАПИСИ
Страна российская федерация
Организация NLR
Дата составления 20161123
Правила каталогизации PSBO
801 #1 - ИСТОЧНИК ЗАПИСИ
Страна российская федерация
Организация NLR
Дата составления 20161123
Источник данных rusmarc
801 #2 - ИСТОЧНИК ЗАПИСИ
Страна российская федерация
Организация NLR
Дата составления 20161129
852 ## - МЕСТОНАХОЖДЕНИЕ И ШИФР ХРАНЕНИЯ
Идентификатор организации NLR
Наименование фонда или коллекции (Sub-Location Identifier) М
Шифр хранения (Call Number) К-3/25937
Страна
Номер экземпляра 1
942 ## - ДОПОЛНИТЕЛЬНЫЕ ЭЛЕМЕНТЫ ЗАПИСИ (АБИС)
Тип экземпляра АБИС Ноты
980 ## - КОЛЛЕКЦИЯ
Название коллекции Национальная библиография
980 ## - КОЛЛЕКЦИЯ
Название коллекции Отдел нот и звукозаписей
Экземпляры
Тип экземпляра Дата поступления Библиотека постоянного хранения Библиотека текущего хранения Место хранения Шифр хранения Статус не для выдачи
Ноты 23.11.2016 РНБ (Московский) РНБ (Московский) Фонд нот и звукозаписей К-3/25937 К-3/25937